O Dom (Registo nº 5969)

Detalhes MARC
000 -Etiqueta do registo
Valores 01471nam a2200241 4500
010 ## - Número ISBN
ISBN 9723708809
021 ## - Número do Depósito Legal
Número 208207/04
100 ## - Dados gerais de processamento
Dados gerais 20211231d2004 m||y0pory5003 ba
200 1# - Titulo e menção de responsabilidade
Título próprio O Dom
Primeira menção de responsabilidade Vladimir Nabokov
Outras menções de responsabilidade trad. Carlos Leite
210 #9 - Publicação
Local de publicação Lisboa
Nome do editor Assírio & Alvim
Data de publicação 2004
215 ## - Descrição física 
Paginação / Volumes 412, [4] p.
Outras indicações físicas il.
225 2# - Colecção 
Título próprio da colecção O imaginário
304 ## - Nota relativa ao título
Texto de nota Tít. orig.: The Gift
330 ## - Sumário ou Resumo
Texto da nota Retrato, entre outras coisas, do artista enquanto jovem, o último romance que Vladimir Nabokov escreveu em russo, O Dom, é considerado por muitos um dos maiores romances russos – e anglo-saxónicos – do século XX. Tem, no centro do seu puzzle narrativo, a literatura russa do século XIX, Púchkin, Gógol, Tchékhov, a par da visualização nabokoveana do processo criativo e da afirmação do talento artístico, da peregrinação urbana e do monólogo joyceano, do maléfico jogo de espelhos borgeano da realidade e da ficção, da sedução duma autenticamente moderna história de amor, do pessoano trauma dos mundos perdidos, etc… A primeira leitura transforma-se rapidamente em releitura, porque, como também disse Vladimir Nabokov, o leitor não é um carneiro e nem todas as penas o tentam.
606 ## - Nome comum usado como assunto
ID Autoridade 13
Palavra de ordem Literatura Estrangeira
675 ## - CDU
Notação 821.111(73)-31"19"
Edição BN
Língua por
700 ## - Autor principal (pessoa individual)
Apelido Nabokov
Nome Vladimir
Datas 1899-1977
ID Autoridade 4239
702 ## - Autor secundário (pessoa individual)
Apelido Leite
Nome Carlos
ID Autoridade 3234
801 ## - Fonte de origem
País PT
Agência BMVN
Regras de catalogação RPC
830 ## - Notas gerais do catalogador
Criado por Inês Silva
Data de criação 31/12/2021
990 ## - Elementos KOHA
Tipo de documento Livro
Exemplares
Situação do levantamento Biblioteca de origem Código de barras Cota Permissão de empréstimo Tipo de documento Forma de aquisição
  Biblioteca Municipal de Vendas Novas 100000032628 LE NAB/DOM   Livro  

Powered by Koha